Koleksi nama-nama indah dalam Islam

Bibliographic Details
Main Author: Jafar al-Mathari Abdul Rahman (Author)
Format: Book
Published: Kuala Lumpur : Jasmin Enterprise , 1997
Subjects:

MARC

LEADER 00000cam a2200000 7i4500
001 0000002366
005 20210323093000.0
008 021118s1997
020 |a 9839045504 
090 0 0 |a CS2970   |b .J2 1997 
100 0 |a Jafar al-Mathari Abdul Rahman ,   |e author 
245 1 0 |a Koleksi nama-nama indah dalam Islam   |c susunan Ja'far al-Mathari bin Abdul Rahman 
260 2 |a Kuala Lumpur :   |b Jasmin Enterprise ,   |c 1997 
300 |a 224 p. ;   |c 22 cm. 
650 0 |a Names, Personal   |x Islamic 
999 |a 1000071939   |b Book   |c OPEN SHELF (30 DAYS)   |e Gong Badak Campus 
999 |a 1000087331   |b Book   |c OPEN SHELF (30 DAYS)   |e Gong Badak Campus